000 00651nam a2200205 4500
003 OSt
005 20221116162025.0
008 221111b |||||||| |||| 00| 0 eng d
020 _a84 7807 162 8
040 _cBiblioteca Lado V
082 _a750
_bS511s
100 _9440
_aSevilla, Soledad
_ediseƱo
245 _aSoledad Sevilla/
_bInstalaciones/
260 _c2006
_aAlemania
_bHatje Cantz
300 _a173p.
_c21x25cm
650 _2Tesauro de Arte & Arquitectura
_aARTE
650 _2Tesauro de Arte & Arquitectura
_aEXHIBICION
650 _2Tesauro de Arte & Arquitectura
_aARTE ALEMAN
942 _2ddc
_c1
_h750
_iS511s
_n0
999 _c2658
_d2658